Sports Quiz

Random Sports Quiz

Name the 15 best second round draft picks 2017 kot4q Quiz Stats

 Plays Quiz not verified by Sporcle

Score 0/15 Timer 07:00
0 Plays Today
Hint Answer % Correct
Golden State WarriorsDraymond Green
82.9%
Cleveland CavaliersIsaiah Thomas
70.7%
Miami HeatHassan WhiteSide
58.5%
Los Angeles ClippersDeandre Jordan
58.5%
Memphis GrizzliesMarc Gasol
53.7%
Miami HeatGoran Dragic
48.8%
Denver NuggetsPaul Millsap
31.7%
Cleveland CavaliersJae Crowder
26.8%
Hint Answer % Correct
Indiana PacersMonta Ellis
24.4%
Cleveland CavaliersKyle Korver
24.4%
Los Angeles LakersJordan Clarkson
24.4%
Los Angeles ClippersLou Williams
22%
Milwaukee BucksKhris Middleton
19.5%
Indiana PacersLance Stephenson
19.5%
Chicago BullsCarlos Boozer
14.6%

You're not logged in!

Compare scores with friends on all Sporcle quizzes.
OR
Log In

Sporcle TV

Today on Sporcle TV


Watch our educational content, quiz creation guides, and fun videos on Sporcle TV.

Show Comments

Extras

Created Sep 15, 2017ReportNominate
Tags:KOT4Q, round, second

Top Quizzes Today


Score Distribution

Your Account Isn't Verified!

In order to create a playlist on Sporcle, you need to verify the email address you used during registration. Go to your Sporcle Settings to finish the process.

Report this User

Report this user for behavior that violates our Community Guidelines.

Details: